| 000 | 00685cam a22002174a 4500 | ||
|---|---|---|---|
| 020 | _a0471318604 (pbk.) | ||
| 040 | _cDLC | ||
| 082 | 0 | 0 | _a615 CAD 1999 A037 Co. |
| 100 | 1 | _aColton, Kitty. | |
| 245 | 1 | 0 | _aSmart Guide to healing foods / |
| 260 |
_aNew York : _bCader Books, _cc1999. |
||
| 300 |
_axii, 179 p. : _bill. ; _c24 cm. |
||
| 500 | _aIncludes index. | ||
| 650 | 0 | _aDiet therapy. | |
| 650 | 0 | _aFunctional foods. | |
| 650 | 0 | _aNutrition. | |
| 856 | 4 | _uhttp://www.loc.gov/catdir/toc/onix05/99017880.html | |
| 856 | 4 | 2 | _uhttp://www.loc.gov/catdir/enhancements/fy0706/99017880-b.html |
| 856 | 4 | 2 | _uhttp://www.loc.gov/catdir/enhancements/fy0706/99017880-d.html |
| 942 | _cEK | ||
| 999 |
_c11538 _d11538 |
||